|
|
|
|
| LEADER |
00000nam a22000007a 4500 |
| 005 |
2018110202262.0 |
| 007 |
cr|||| |||| |
| 008 |
181102s2016 co |||||s|||| 00||0 spa d |
| 020 |
|
|
|a 978-958-762-477-9
|
| 035 |
|
|
|a 22160
|
| 040 |
|
|
|a vLex
|
| 090 |
|
|
|c 8264
|d 8264
|
| 100 |
1 |
|
|a Cifuentes Olarte, Arnulfo
|
| 245 |
1 |
0 |
|a Normas legales en Seguridad y Salud en el Trabajo
|h [Recurso electrn̤ico] /
|c Arnulfo Cifuentes Olarte, Olga Lorena Cifuentes Giraldo
|
| 256 |
|
|
|a Servicio en ln̕ea
|
| 260 |
|
|
|a Bogot:̀
|b Ediciones de la U,
|c 2016
|
| 300 |
|
|
|a 1 recurso electrn̤ico
|
| 500 |
|
|
|a Este libro es una compilacin̤ de las principales normas legales, las que probablemente son las ms̀ consultadas y aplicadas en el da̕ a da̕ de la actividad prevencionista, por lo que se tendr ̀en cuenta la seleccin̤ de normatividad en la perspectiva del higienista, ocupacionista, y del personal de seguridad laboral, a nivel organizador, planificador, coordinador y operativo, dejaremos del lado para abreviar, aquellas normas que pueden interesar en el sistema general de riesgos laborales a otros actores que se desempeąn a cierta distancia de los riesgos directos que se generan en la empresa, al fin de cuentas la prevencin̤ de los riesgos laborales es responsabilidad de los empleadores, segn︢ el mandato perentorio del artc̕ulo 56 de decreto de ley 1295 de 1994 que estatuy ̤que los empleadores adems̀ de la obligacin̤ de establecer ejecutar en forma permanente el programa de Salud Ocupacional-denominado hoy sistema de gestin̤ de la seguridad y la salud en el trabajo SGSST-segn︢ lo establecido en las normas vigentes, son responsables de los riesgos originados en su ambiente de trabajo.
|
| 506 |
1 |
|
|a Disponible solo en los productos indicados
|d vLex Global
|d vLex Global (Academic Edition, excluding Law Schools)
|d vLex Global (U.S. Academic Edition, Law Schools)
|d vLex Global (U.S. Academic Edition, excluding Law Schools)
|d vLex Global (Academic Edition, Law Schools)
|
| 650 |
0 |
4 |
|a Derecho Laboral y Seguridad Social
|z Colombia
|
| 650 |
0 |
4 |
|a Seguridad y Salud Laboral
|z Colombia
|
| 740 |
0 |
|
|a vLex Libros (Servicio en ln̕ea)
|
| 856 |
4 |
0 |
|u http://vlex.com/source/normas-legales-en-seguridad-y-salud-en-el-trabajo-22160
|z Acceso restringido
|
| 942 |
|
|
|c BOOK
|
| 999 |
0 |
|
|a Labor Law and Social Security
|
| 999 |
0 |
|
|a Occupational Health and Safety
|